00469nam a22001577a 450000500170000001000150001702000260003203500140005803700090007208200110008110000260009224500690011826000340018727000700022130000200029120250704144237.0 aENG-145697 a9789392210495c295.00 aEN-129229 bDBAD a92121 aYogananda, Paramhansa aAutobiography Of A Yogi: cParamhansa YoganandabCuppa Classics/ aChandigarhbThe Browserc2025 bChandigarhaSCO 14-15, Sector 8-Ce160009mservice@thebrowser.org a456p.c20cm(pb)